The Ultimate Introduction To NLP (Record no. 332210)

MARC details
000 -LEADER
fixed length control field 00484nam a2200169Ia 4500
008 - FIXED-LENGTH DATA ELEMENTS--GENERAL INFORMATION
fixed length control field 230718s9999 xx 000 0 und d
020 ## - INTERNATIONAL STANDARD BOOK NUMBER
International Standard Book Number 9780007520534
041 ## - LANGUAGE CODE
Language code of text/sound track or separate title eng
082 ## - DEWEY DECIMAL CLASSIFICATION NUMBER
Classification number 158
Item number BAN
100 ## - MAIN ENTRY--PERSONAL NAME
Personal name Bandler R.
9 (RLIN) 194484
245 ## - TITLE STATEMENT
Title The Ultimate Introduction To NLP
Remainder of title How To Build A Successful Life
260 ## - PUBLICATION, DISTRIBUTION, ETC. (IMPRINT)
Date of publication, distribution, etc. 2012
Name of publisher, distributor, etc. Harper Collins
300 ## - PHYSICAL DESCRIPTION
Extent 146
365 ## - TRADE PRICE
Currency code Rs.
Price amount 250.00
700 ## - ADDED ENTRY--PERSONAL NAME
Personal name Bandler R.
9 (RLIN) 194484
906 ## - LOCAL DATA ELEMENT F, LDF (RLIN)
d O:0333618-Mar-2013B:285309-Mar-2013
c GENRL
b 55
Holdings
Withdrawn status Lost status Damaged status Not for loan Home library Current library Date acquired Vendor Budget Code Cost, normal purchase price Bill number Total Checkouts Full call number Barcode Date last seen Discount Cost, replacement price Bill Date Koha item type Original Barcode
        Cummins College of Engineering for Women Pune Cummins College of Engineering for Women Pune 18/03/2013 Technical Book Services GENRL 195.00 2853   158 CCEP-BK-43417 18/07/2023 55 250.00 09/03/2013 Books 043417